Spain Football Team World Cup Starting XI - Statistics

General Stats
  • This quiz has been taken 5,661 times
    4,638 since last reset
  • The average score is 30 of 118
Answer Stats
Player % Correct
Andrés Iniesta
94%
Iker Casillas
94%
Xavi
94%
Sergio Ramos
92%
Gerard Piqué
90%
Sergio Busquets
90%
Fernando Torres
89%
David Villa
88%
Ferrán Torres
88%
Carles Puyol
87%
David de Gea
83%
Jordi Alba
83%
Xabi Alonso
79%
Pedri
78%
Unai Simón
76%
Gavi
75%
Gabriel Alonso
68%
Periko Alonso
68%
Raúl
65%
Cesc Fàbregas
60%
Aymeric Laporte
59%
David Silva
59%
Diego Costa
59%
Javier de Pedro
57%
Rodri
57%
Fernando Hierro
55%
Joan Capdevila
53%
Dani Olmo
43%
Fernando Morientes
43%
Antonio Olmo
42%
Isco
42%
Juan Manuel Asensi
41%
Nacho
41%
César Azpilicueta
40%
Emilio Butragueño
39%
Koke
38%
Marco Asensio
36%
Luis Enrique
31%
Andoni Zubizarreta
28%
Luis Suárez
25%
Juanfran
22%
Roberto
22%
Iván Helguera
19%
Roberto López Ufarte
19%
Francisco Gento
18%
Rafael Martín Vázquez
18%
Joaquín Peiró
15%
Luis del Sol
15%
Miguel Ángel Nadal
15%
Sergi
15%
Manuel Sanchís
12%
Míchel
11%
Albert Ferrer
9%
Isidoro San José
9%
Marcelino Pérez
9%
Rubén Baraja
9%
Abelardo
8%
Ferenc Puskás
8%
José Antonio Camacho
8%
Julio Salinas
8%
Mariano Pernía
8%
Pablo Ibáñez
8%
Santillana
8%
Guillermo Amor
7%
Juan Carlos Valerón
7%
Juanito
7%
Pirri
7%
Jesús María Zamora
6%
Luis Arconada
6%
Alfonso
5%
Amancio
5%
Andoni Goikoetxea
5%
Jon Andoni Goikoetxea
5%
Joseba Etxeberria
5%
José Luis Caminero
5%
Rafael Alkorta
5%
Telmo Zarra
5%
Chendo
4%
Julio Alberto
4%
Rafael Gordillo
4%
José Ángel Iribar
3%
José Santamaría
3%
Juan Carlos Aguilera
3%
Miguel Ángel
3%
Antoni Ramallets
2%
Gallego
2%
José Ramón Alexanko
2%
Migueli
2%
Ricardo Gallego
2%
Victor
2%
Agustín Gaínza
1%
Alberto Górriz
1%
Estanislau Basora
1%
Eugenio Leal
1%
Francisco Javier Uría
1%
Francisco Villarroya
1%
Genar Andrinúa
1%
Ignacio Zoco
1%
Jesús María Satrústegui
1%
José Luis Panizo
1%
José Parra
1%
Julio Cardeñosa
1%
Miguel Tendillo
1%
Pachín
1%
Ramón Calderé
1%
Santiago Urquiaga
1%
Sígfrid Gràcia
1%
Silvestre Igoa
1%
Tomás
1%
Antonio Puchades
0%
Carmelo Cedrún
0%
José Gonzalvo
0%
Mariano Gonzalvo
0%
Martí Vergés
0%
Severino Reija
0%
No matching quizzes found
Score Distribution
Percent of People with Each Score
Percentile by Number Answered
Your Score History
You have not taken this quiz since the last reset